=LDR 00000nam 2200000 4500 =001 INLIS000000000042355 =005 20190429023814 =035 ##$$a 0010-101300000000277 =008 190429###########################0#ind## =041 ##$$a ind =082 ##$$a 618.172 =090 ##$$a 618.172, Kup k =245 ##$$a Kupas tuntas kelainan haid, Editor, Nanang womarto astarto...(Et.Al) =260 ##$$a 2011 :$b Jakarta =300 ##$$a Xii,354 hlm, Ilus, 24 cm =650 ##$$a HAID, KELAINAN =850 ##$$a NBPNMAT =710 ##$$a Nanang Winarto Astarto =990 ##$$a 0001/BPAP-NTB/20142014 =990 ##$$a 21300291